000 00858nam a2200253 a 4500
001 000010186
005 20240412074215.0
008 091005s2006 pr 000 p spa d
020 _a1932271457
040 _aDO-SdBNP
_bspa
_cBNPHU
082 _aPR861.44
_bG166r
100 1 _aGallego
_925191
245 1 0 _aResidente del lupus /
_cGallego ; corrección Lucinda Ausente ; colaboración editorial Guillermo Rebollo Gil.
260 _aSan Juan, Puerto Rico
_aSanto Domingo :
_bIsla Negra,
_c2006.
300 _a59 p. ;
_c22 cm.
490 1 _aFilo de Fuego
500 _aIncluye datos biográficos del autor en la solapa.
650 0 _aPoesía dominicana
_966
650 0 _aLiteratura dominicana.
_967
700 1 _aAusente, Lucinda,
_ecorr.
_911862
700 1 _aRebollo Gil, Guillermo,
_ecol. ed.
_925192
830 0 _aFilo de Fuego
_97107
049 _aBNPD
999 _c9945
_d9945